[Event "DVM U20w 2024"]
[Site "Sebnitz GER"]
[Date "2024.12.29"]
[Round "5"]
[White "John, Linnea"]
[Black "Falke, Ornella"]
[Result "0-1"]
[Termination "normal"]
[Board "1.1"]
[BlackTitle "WCM"]
[WhiteElo "1712"]
[BlackElo "2019"]
[WhiteTeam "SV Königsjäger Süd-West 2"]
[BlackTeam "Elmshorner SC 1896"]
[PlyCount "132"]
[WhiteFideId "34623680"]
[BlackFideId "16207092"]
[EventCountry "GER"]
[EventRounds "7"]
[EventType "team-swiss"]
[EventDate "2024.12.26"]

1. e4 c6 2. d4 d5 3. exd5 cxd5 4. Bd3 Nc6 5. c3 Nf6 6. Bf4 g6 7. Qc2 Bg7 8. Nd2
Nh5 9. Be3 Qd6 10. Ngf3 f6 11. O-O e5 12. dxe5 fxe5 13. Bb5 O-O 14. Qa4 Bd7 15.
Rad1 a6 16. Bxc6 Bxc6 17. Qa5 Kh8 18. Bc5 Qd8 19. Qxd8 Rfxd8 20. Ng5 Rd7 21.
Ne6 Re8 22. Nxg7 Kxg7 23. Nb3 Bb5 24. Rfe1 Nf4 25. Nd4 Rc8 26. Nxb5 Rxc5 27.
Na3 Kf6 28. Re3 b5 29. Rf3 g5 30. g3 g4 31. Re3 Nh3+ 32. Kg2 Ng5 33. Red3 e4
34. Rd4 Ke6 35. Nc2 Nf3 36. Rb4 Ne5 37. Ne3 h5 38. Rbd4 Nd3 39. R4xd3 exd3 40.
Rxd3 a5 41. a3 Rc8 42. Rd4 Rf8 43. Rd2 Ke5 44. Rd4 Rb8 45. Rf4 d4 46. cxd4+
Rxd4 47. Rf5+ Ke4 48. Rxh5 Kd3 49. Rg5 a4 50. Nxg4 Kc2 51. Ne5 Rd2 52. Nc6 Rb6
53. Na7 b4 54. axb4 Kxb2 55. Ra5 a3 56. Nb5 a2 57. Na3 Rxb4 58. Nb5 a1=Q 59.
Rxa1 Kxa1 60. Nc3 Rc4 61. Nb5 Rd5 62. Na7 Ra5 63. h4 Rxa7 64. Kh3 Ra3 65. h5
Rf3 66. h6 Rf6 0-1

[Event "DVM U20w 2024"]
[Site "Sebnitz GER"]
[Date "2024.12.29"]
[Round "5"]
[White "Evering, Enna"]
[Black "Burchardi, Helena"]
[Result "1-0"]
[Termination "normal"]
[Board "1.2"]
[WhiteElo "1771"]
[BlackElo "1730"]
[WhiteTeam "Elmshorner SC 1896"]
[BlackTeam "SV Königsjäger Süd-West 2"]
[PlyCount "83"]
[WhiteFideId "16218213"]
[BlackFideId "34636374"]
[EventCountry "GER"]
[EventRounds "7"]
[EventType "team-swiss"]
[EventDate "2024.12.26"]

1. e4 e5 2. Nf3 Nc6 3. d4 exd4 4. Nxd4 Nf6 5. Nxc6 bxc6 6. e5 Qe7 7. Qe2 Nd5 8.
c4 Nb6 9. Nc3 Qe6 10. Qe4 g6 11. Bd3 Bg7 12. f4 O-O 13. O-O Ba6 14. b3 d5 15.
cxd5 cxd5 16. Qe2 Bxd3 17. Qxd3 f6 18. exf6 Bxf6 19. Ba3 Rfe8 20. Rac1 c6 21.
Bc5 Qd7 22. f5 g5 23. Bd4 Qg7 24. Ne2 Rac8 25. Bxf6 Qxf6 26. Nd4 Nd7 27. Ne6
Nf8 28. Nxf8 Kxf8 29. Rce1 h5 30. Re6 Qb2 31. Qa6 Qd4+ 32. Kh1 Qb6 33. Qa3+ Kf7
34. Qd6 Qd8 35. Qe5 Rb8 36. Re1 Rc8 37. f6 Qd7 38. Qxg5 Rg8 39. Re7+ Qxe7 40.
Rxe7+ Kf8 41. Qh6+ Rg7 42. Qxg7# 1-0

[Event "DVM U20w 2024"]
[Site "Sebnitz GER"]
[Date "2024.12.29"]
[Round "5"]
[White "Zhou, Leyi Charlotte"]
[Black "Margaryan, Susanna"]
[Result "0-1"]
[Termination "normal"]
[Board "1.3"]
[WhiteElo "1578"]
[BlackElo "1746"]
[WhiteTeam "SV Königsjäger Süd-West 2"]
[BlackTeam "Elmshorner SC 1896"]
[PlyCount "174"]
[WhiteFideId "16258100"]
[BlackFideId "16268210"]
[EventCountry "GER"]
[EventRounds "7"]
[EventType "team-swiss"]
[EventDate "2024.12.26"]

1. e4 d5 2. exd5 Qxd5 3. Nc3 Qa5 4. d4 Bf5 5. Nf3 e6 6. Bc4 Nf6 7. O-O Be7 8.
Re1 O-O 9. Bd2 c6 10. h3 Qc7 11. Ne5 Rd8 12. Bf4 Qb6 13. Qc1 Qxd4 14. Rd1 Qb6
15. Bb3 Nd5 16. Nc4 Qa6 17. Qd2 Nd7 18. Bg3 b6 19. Ne3 Bg6 20. Qd4 Bf6 21. Qd2
Nc5 22. Ng4 Be7 23. Ne5 Qb7 24. Nxg6 hxg6 25. Bxd5 cxd5 26. Qe3 Bf6 27. Qf3
Rac8 28. a3 Bxc3 29. Qxc3 Ne4 30. Qd3 Nxg3 31. fxg3 Qc7 32. c3 e5 33. Qe3 Qc5
34. Re1 f6 35. Kf2 Kf7 36. g4 Qxe3+ 37. Kxe3 d4+ 38. cxd4 Rxd4 39. Rac1 Rdc4
40. Rxc4 Rxc4 41. Kd3 Rd4+ 42. Ke3 Ke6 43. Rc1 Kd7 44. g3 Rd5 45. Ke4 Rd2 46.
b3 Ke6 47. Ke3 Rb2 48. Rc3 f5 49. gxf5+ gxf5 50. b4 g5 51. Rc6+ Kd5 52. Rg6 f4+
53. gxf4 gxf4+ 54. Kf3 Rb3+ 55. Kg2 Ke4 56. h4 f3+ 57. Kg3 Kf5 58. h5 Rxa3 59.
Rg8 f2+ 60. Kxf2 Rh3 61. Rf8+ Kg5 62. Re8 Kxh5 63. Rxe5+ Kg6 64. Re3 Rxe3 65.
Kxe3 Kf5 66. Kd4 Ke6 67. Kc4 a6 68. Kd4 Kd6 69. Ke4 Kc6 70. Kd4 Kb5 71. Kc3 Ka4
72. Kb2 Kxb4 73. Ka2 b5 74. Kb2 a5 75. Ka2 Kc3 76. Ka3 b4+ 77. Ka2 a4 78. Kb1
b3 79. Ka1 a3 80. Kb1 b2 81. Ka2 Kc2 82. Kxa3 b1=Q 83. Ka4 Kc3 84. Ka5 Kc4 85.
Ka6 Kc5 86. Ka7 Kc6 87. Ka8 Qb7# 0-1

[Event "DVM U20w 2024"]
[Site "Sebnitz GER"]
[Date "2024.12.29"]
[Round "5"]
[White "Neitzel, Emma"]
[Black "Richter, Anastasia"]
[Result "1/2-1/2"]
[Termination "normal"]
[Board "1.4"]
[WhiteElo "1522"]
[BlackElo "1717"]
[WhiteTeam "Elmshorner SC 1896"]
[BlackTeam "SV Königsjäger Süd-West 2"]
[PlyCount "55"]
[WhiteFideId "16298373"]
[BlackFideId "34659099"]
[EventCountry "GER"]
[EventRounds "7"]
[EventType "team-swiss"]
[EventDate "2024.12.26"]

1. d4 d5 2. c4 e6 3. Nc3 c6 4. Nf3 dxc4 5. e4 b5 6. Be2 Nf6 7. e5 Nd5 8. Nxd5
Qxd5 9. O-O Bb7 10. Qc2 Be7 11. a4 a5 12. Bd2 h6 13. axb5 cxb5 14. Bxa5 Nc6 15.
Bc3 Rxa1 16. Rxa1 b4 17. Bd2 Nxd4 18. Qxc4 Nxf3+ 19. gxf3 Qxd2 20. Qb5+ Qd7 21.
Ra7 Rf8 22. Qxd7+ Kxd7 23. Rxb7+ Kd8 24. Bb5 Bc5 25. Kg2 Kc8 26. Ba6 Kd8 27.
Bb5 Kc8 28. Ba6 1/2-1/2

[Event "DVM U20w 2024"]
[Site "Sebnitz GER"]
[Date "2024.12.29"]
[Round "5"]
[White "Pikki, Daria"]
[Black "Sickmann, Lisa"]
[Result "0-1"]
[Termination "normal"]
[Board "2.1"]
[BlackTitle "WFM"]
[WhiteElo "1807"]
[BlackElo "2251"]
[WhiteTeam "SV Königsjäger Süd-West"]
[BlackTeam "Lübecker SV 1873"]
[PlyCount "63"]
[WhiteFideId "16281306"]
[BlackFideId "16267818"]
[EventCountry "GER"]
[EventRounds "7"]
[EventType "team-swiss"]
[EventDate "2024.12.26"]

1. d4 d5 2. c4 e6 3. Nc3 a6 4. cxd5 exd5 5. Nf3 Be7 6. Bf4 Nf6 7. e3 Nh5 8. Be5
O-O 9. h3 g6 10. Bd3 c6 11. O-O Ng7 12. Qc2 Nd7 13. Bh2 Nf6 14. Rab1 Bf5 15.
Bxf5 Nxf5 16. b4 Nd6 17. Ne5 Nfe4 18. a4 Bf6 19. Nxe4 Nxe4 20. b5 cxb5 21. axb5
Rc8 22. Qb2 axb5 23. Rfc1 Bxe5 24. Bxe5 Rxc1+ 25. Rxc1 Qa5 26. Bc7 Qa4 27. Ra1
Qc4 28. Rc1 Qd3 29. Bb6 Ra8 30. Rb1 Nc3 31. Ra1 Na4 32. Bc5 0-1

[Event "DVM U20w 2024"]
[Site "Sebnitz GER"]
[Date "2024.12.29"]
[Round "5"]
[White "Hellenbroich, Helene"]
[Black "Schmidt, Luise"]
[Result "0-1"]
[Termination "normal"]
[Board "2.2"]
[WhiteElo "1644"]
[BlackElo "1663"]
[WhiteTeam "Lübecker SV 1873"]
[BlackTeam "SV Königsjäger Süd-West"]
[PlyCount "52"]
[WhiteFideId "16270754"]
[BlackFideId "16294475"]
[EventCountry "GER"]
[EventRounds "7"]
[EventType "team-swiss"]
[EventDate "2024.12.26"]

1. e4 e5 2. Nf3 Nc6 3. Bc4 Bc5 4. c3 Nf6 5. d3 d6 6. O-O O-O 7. a4 a6 8. b4 Ba7
9. Nbd2 d5 10. exd5 Nxd5 11. Ne4 Bg4 12. h3 Bh5 13. Re1 Kh8 14. Ra3 f6 15. Ng3
Bf7 16. Nh4 Nce7 17. Qg4 c6 18. Nhf5 Nxf5 19. Nxf5 Bg6 20. d4 exd4 21. Nxd4 Re8
22. Rd1 Re4 23. Qf3 Bxd4 24. Bxd5 Qxd5 25. Be3 Bh5 26. g4 Rxg4+ 0-1

[Event "DVM U20w 2024"]
[Site "Sebnitz GER"]
[Date "2024.12.29"]
[Round "5"]
[White "Haase, Maike"]
[Black "Rosin, Ida"]
[Result "1-0"]
[Termination "normal"]
[Board "2.3"]
[WhiteElo "1649"]
[BlackElo "1611"]
[WhiteTeam "SV Königsjäger Süd-West"]
[BlackTeam "Lübecker SV 1873"]
[PlyCount "135"]
[WhiteFideId "34619356"]
[BlackFideId "16273214"]
[EventCountry "GER"]
[EventRounds "7"]
[EventType "team-swiss"]
[EventDate "2024.12.26"]

1. c4 e5 2. g3 Nf6 3. Bg2 Be7 4. Nc3 O-O 5. Nf3 Nc6 6. O-O d6 7. d3 Be6 8. a3
Rb8 9. Nd2 d5 10. cxd5 Nxd5 11. Nf3 Qd7 12. Bd2 Rbd8 13. Rc1 Bf6 14. Ne4 Rfe8
15. Nc5 Qc8 16. Nxe6 Qxe6 17. Ng5 Qd6 18. Ne4 Qd7 19. Re1 Be7 20. Nc5 Qc8 21.
Qb3 Nb6 22. Na4 Nd4 23. Nxb6 axb6 24. Qc4 c6 25. Bc3 b5 26. Qa2 Bg5 27. e3 Nf5
28. Bh3 e4 29. dxe4 Rxe4 30. Qb1 Qe6 31. f3 Bxe3+ 32. Rxe3 Rxe3 33. Bxf5 Qh6
34. Rd1 Ree8 35. Rxd8 Rxd8 36. Qe1 Qd6 37. Ba5 Qc5+ 38. Kg2 b6 39. Bxh7+ Kxh7
40. Qe4+ Kg8 41. Bc3 Qd6 42. Qg4 Qg6 43. Qf4 Re8 44. Qd2 Qe6 45. Qg5 f6 46. Qg6
Qd7 47. Qc2 Re3 48. Kf2 Re7 49. Kg2 Qd5 50. Kf2 Qh5 51. Kg2 Re3 52. Qd1 Qf5 53.
Qd8+ Kh7 54. Qd1 c5 55. Kf2 Re6 56. Kg2 g5 57. g4 Qg6 58. Qd7+ Kh8 59. Qxe6 Kg7
60. Qe7+ Qf7 61. Bxf6+ Kg6 62. Qxf7+ Kxf7 63. Bd8 b4 64. axb4 cxb4 65. Bxb6 b3
66. Kg3 Ke6 67. Bd4 Kd5 68. Bc3 1-0

[Event "DVM U20w 2024"]
[Site "Sebnitz GER"]
[Date "2024.12.29"]
[Round "5"]
[White "Gossing, Marie-Sophie"]
[Black "Altuve Medina, Victoria Isabella"]
[Result "0-1"]
[Termination "normal"]
[Board "2.4"]
[WhiteElo "1609"]
[BlackElo "1554"]
[WhiteTeam "Lübecker SV 1873"]
[BlackTeam "SV Königsjäger Süd-West"]
[PlyCount "114"]
[WhiteFideId "16217284"]
[BlackFideId "3935639"]
[EventCountry "GER"]
[EventRounds "7"]
[EventType "team-swiss"]
[EventDate "2024.12.26"]

1. e4 e5 2. Nf3 Nc6 3. Bc4 Nf6 4. Ng5 d5 5. exd5 Na5 6. Bb5+ c6 7. dxc6 bxc6 8.
Ba4 Qd4 9. c3 Qh4 10. Nf3 Qe4+ 11. Kf1 Ba6+ 12. Kg1 Be2 13. Bc2 Bxd1 14. Bxe4
Nxe4 15. Nxe5 f6 16. Nf3 O-O-O 17. d4 c5 18. Be3 Nc4 19. Nfd2 Nexd2 20. Nxd2
Nxe3 21. fxe3 Bg4 22. a3 cxd4 23. cxd4 Bd6 24. b4 Rhe8 25. e4 Bf4 26. h3 Bxd2
27. hxg4 Rxe4 28. Rxh7 Rxg4 29. Rd1 Rdxd4 30. Kh2 Bh6 31. Rh8+ Kc7 32. Re1 Rge4
33. Re8 Rxe1 34. Rxe1 Rd3 35. Ra1 Kb6 36. a4 Rb3 37. b5 Ka5 38. Rd1 Kxa4 39.
Rd7 Kxb5 40. Rxa7 Kc5 41. Rd7 Kc4 42. g3 Rd3 43. Rxd3 Kxd3 44. Kh3 Ke4 45. Kg4
g6 46. Kh3 Kf3 47. Kh4 Bg5+ 48. Kh3 f5 49. Kh2 f4 50. gxf4 Bxf4+ 51. Kh3 Bh6
52. Kh4 g5+ 53. Kh3 g4+ 54. Kh2 Bf4+ 55. Kg1 g3 56. Kh1 g2+ 57. Kg1 Be3+ 0-1

[Event "DVM U20w 2024"]
[Site "Sebnitz GER"]
[Date "2024.12.29"]
[Round "5"]
[White "Adelhardt, Lisa"]
[Black "Stelter, Finja"]
[Result "0-1"]
[Termination "normal"]
[Board "3.1"]
[WhiteElo "1807"]
[BlackElo "1711"]
[WhiteTeam "SC Garching 1980"]
[BlackTeam "SK Lehrte von 1919 e. V."]
[PlyCount "64"]
[WhiteFideId "16235380"]
[BlackFideId "16298624"]
[EventCountry "GER"]
[EventRounds "7"]
[EventType "team-swiss"]
[EventDate "2024.12.26"]

1. e4 c5 2. Nc3 Nc6 3. Nge2 Nf6 4. g3 d5 5. exd5 Nxd5 6. Bg2 e6 7. O-O g6 8.
Re1 Bg7 9. Nxd5 exd5 10. Nf4+ Kf8 11. Nxd5 Ne5 12. Ne3 h5 13. f4 Bg4 14. Nxg4
Nxg4 15. Re2 Qd4+ 16. Kh1 Nf2+ 17. Rxf2 Qxf2 18. Qg1 Qxg1+ 19. Kxg1 Bd4+ 20.
Kf1 Rb8 21. c3 Bf6 22. h3 Kg7 23. d3 Rhe8 24. Kf2 Re7 25. Be3 b6 26. Re1 Rd8
27. Rd1 Rde8 28. Re1 h4 29. g4 g5 30. f5 Be5 31. Bc6 Bg3+ 32. Kf3 Bxe1 0-1

[Event "DVM U20w 2024"]
[Site "Sebnitz GER"]
[Date "2024.12.29"]
[Round "5"]
[White "Zöllner, Bente"]
[Black "Alferova, Emily"]
[Result "1/2-1/2"]
[Termination "normal"]
[Board "3.2"]
[WhiteElo "1805"]
[BlackElo "1739"]
[WhiteTeam "SK Lehrte von 1919 e. V."]
[BlackTeam "SC Garching 1980"]
[PlyCount "74"]
[WhiteFideId "16230523"]
[BlackFideId "16265904"]
[EventCountry "GER"]
[EventRounds "7"]
[EventType "team-swiss"]
[EventDate "2024.12.26"]

1. d4 Nf6 2. Nf3 e6 3. c4 b6 4. Nc3 Bb4 5. Bg5 h6 6. Bh4 Bb7 7. e3 g5 8. Bg3
Ne4 9. Qc2 Nxg3 10. fxg3 f5 11. Bd3 g4 12. Nh4 Qg5 13. Ke2 Bxc3 14. bxc3 O-O
15. Raf1 Nc6 16. h3 gxh3 17. Rxh3 Nxd4+ 18. cxd4 Bxg2 19. Nxg2 Qg4+ 20. Kf2
Qxh3 21. Be2 Kh8 22. Bf3 Rad8 23. Nf4 Qh2+ 24. Bg2 Rg8 25. Ne2 Qh5 26. Rh1 Qg5
27. Qc3 Rg7 28. d5 Re8 29. Qe5 Kh7 30. Bf3 Ree7 31. Rh5 exd5 32. Rxg5 Rxe5 33.
Rxg7+ Kxg7 34. cxd5 Kf6 35. Nd4 a6 36. a4 Ke7 37. Ke2 Kd6 1/2-1/2

[Event "DVM U20w 2024"]
[Site "Sebnitz GER"]
[Date "2024.12.29"]
[Round "5"]
[White "Frowein, Jamie"]
[Black "Baklan, Kira"]
[Result "1/2-1/2"]
[Termination "normal"]
[Board "3.3"]
[WhiteElo "1739"]
[BlackElo "1623"]
[WhiteTeam "SC Garching 1980"]
[BlackTeam "SK Lehrte von 1919 e. V."]
[PlyCount "65"]
[WhiteFideId "16282949"]
[BlackFideId "34186514"]
[EventCountry "GER"]
[EventRounds "7"]
[EventType "team-swiss"]
[EventDate "2024.12.26"]

1. c4 Nf6 2. Nf3 e6 3. e3 d5 4. Nc3 Be7 5. b3 O-O 6. Bb2 c5 7. cxd5 exd5 8. d4
Nc6 9. Be2 Ne4 10. dxc5 Qa5 11. Rc1 Bf6 12. Nd4 Nxc5 13. O-O Nxd4 14. exd4 Ne6
15. Bf3 Bxd4 16. Bxd5 Rd8 17. b4 Qxb4 18. Qb3 Qxb3 19. Bxb3 Nf4 20. Kh1 Bf5 21.
Ba1 Nd3 22. Rc2 Re8 23. h3 Bg6 24. Kh2 Rac8 25. Nb5 Rxc2 26. Bxc2 Bxa1 27. Rxa1
Nxf2 28. Bxg6 hxg6 29. Nxa7 Re2 30. Nb5 Rd2 31. a3 Nd1 32. Rc1 Ne3 33. Rg1
1/2-1/2

[Event "DVM U20w 2024"]
[Site "Sebnitz GER"]
[Date "2024.12.29"]
[Round "5"]
[White "Thiele, Lea-Marie"]
[Black "Muhina, Alina"]
[Result "1-0"]
[Termination "normal"]
[Board "3.4"]
[WhiteElo "1654"]
[BlackElo "1585"]
[WhiteTeam "SK Lehrte von 1919 e. V."]
[BlackTeam "SC Garching 1980"]
[PlyCount "73"]
[WhiteFideId "16298616"]
[BlackFideId "16298322"]
[EventCountry "GER"]
[EventRounds "7"]
[EventType "team-swiss"]
[EventDate "2024.12.26"]

1. d4 d5 2. c4 e6 3. Nc3 f5 4. Bf4 Nf6 5. e3 Be7 6. Nf3 O-O 7. Bd3 c6 8. O-O
Nbd7 9. cxd5 Nxd5 10. Bg3 N7f6 11. Ne5 Bd6 12. Re1 Nxc3 13. bxc3 Bxe5 14. Bxe5
Ng4 15. Bg3 h5 16. h3 h4 17. Bf4 g5 18. hxg4 gxf4 19. exf4 Rf7 20. gxf5 Rg7 21.
Qh5 Rh7 22. Qg5+ Qxg5 23. fxg5 exf5 24. g6 Rc7 25. Re8+ Kg7 26. Bxf5 Bxf5 27.
Rxa8 b6 28. Re1 Kxg6 29. Rg8+ Kh6 30. Re5 Bb1 31. a3 Bd3 32. Rg4 a5 33. Rxh4+
Kg7 34. Re3 Bc2 35. Rf4 Rf7 36. Rxf7+ Kxf7 37. Kh2 1-0

[Event "DVM U20w 2024"]
[Site "Sebnitz GER"]
[Date "2024.12.29"]
[Round "5"]
[White "Chennupati, Lasya"]
[Black "Othman, Beesan"]
[Result "0-1"]
[Termination "normal"]
[Board "4.1"]
[WhiteElo "1596"]
[BlackElo "1647"]
[WhiteTeam "SC Garching 1980 2"]
[BlackTeam "SF Essen-Werden 1924/80"]
[PlyCount "118"]
[WhiteFideId "34646728"]
[BlackFideId "34640738"]
[EventCountry "GER"]
[EventRounds "7"]
[EventType "team-swiss"]
[EventDate "2024.12.26"]

1. e4 c5 2. c3 Nf6 3. e5 Nd5 4. d4 cxd4 5. cxd4 e6 6. Bc4 Nb6 7. Bd3 Nc6 8. Nf3
Be7 9. Nc3 O-O 10. O-O d6 11. Be3 a6 12. a3 dxe5 13. dxe5 Qc7 14. Re1 Nd7 15.
Bf4 Nc5 16. Bc2 Rd8 17. Qe2 b5 18. b4 Nd7 19. Rac1 Bb7 20. Ne4 Nb6 21. Nfd2 Nd4
22. Qd1 Nxc2 23. Qxc2 Qxc2 24. Rxc2 Nc4 25. Nxc4 Bxe4 26. Rcc1 bxc4 27. Rxe4
Rac8 28. h3 c3 29. Be3 c2 30. Rd4 Rxd4 31. Bxd4 a5 32. Bc5 Bxc5 33. bxc5 Rxc5
34. Kf1 Kf8 35. f4 g5 36. fxg5 Rxe5 37. h4 Re4 38. g3 Re3 39. Kf2 Rxa3 40. Rxc2
Kg7 41. Kg2 a4 42. Kh3 Rd3 43. Rc1 a3 44. Ra1 Kg6 45. Ra2 Kh5 46. Rf2 Kg6 47.
Rf6+ Kg7 48. Rf2 Rb3 49. Ra2 e5 50. h5 h6 51. gxh6+ Kxh6 52. Kg4 e4 53. Kh4 f5
54. Rf2 Rf3 55. Rc2 e3 56. g4 fxg4 57. Rc6+ Kh7 58. Rc7+ Kg8 59. Kxg4 Rf7 0-1

[Event "DVM U20w 2024"]
[Site "Sebnitz GER"]
[Date "2024.12.29"]
[Round "5"]
[White "Kanno, Clara Yumi"]
[Black "Hofmeier, Viktoria"]
[Result "1/2-1/2"]
[Termination "normal"]
[Board "4.2"]
[WhiteElo "1689"]
[BlackElo "1587"]
[WhiteTeam "SF Essen-Werden 1924/80"]
[BlackTeam "SC Garching 1980 2"]
[PlyCount "99"]
[WhiteFideId "16259661"]
[BlackFideId "34639675"]
[EventCountry "GER"]
[EventRounds "7"]
[EventType "team-swiss"]
[EventDate "2024.12.26"]

1. d4 d5 2. Bf4 Nf6 3. e3 c5 4. c3 Nc6 5. Bd3 e6 6. Nd2 Bd6 7. Bg3 O-O 8. Ngf3
a6 9. a4 cxd4 10. exd4 Re8 11. Ne5 Qc7 12. Nxc6 bxc6 13. Bh4 Qe7 14. O-O c5 15.
dxc5 Bxc5 16. Qf3 Rb8 17. b4 Bd6 18. Nb3 e5 19. Bxf6 Qxf6 20. Qxf6 gxf6 21. Na5
e4 22. Be2 Kh8 23. Bh5 Be6 24. Nc6 Rb7 25. Rab1 Rg8 26. Kh1 Rc8 27. b5 axb5 28.
axb5 Kg7 29. Na5 Rb6 30. Rfc1 Ra8 31. Nc6 Ra2 32. Kg1 Bc5 33. Nd4 Bd7 34. Bd1
Bxd4 35. cxd4 Rxb5 36. Rxb5 Bxb5 37. Bb3 Rd2 38. Bxd5 Rxd4 39. Bb7 Bd3 40. Rd1
Rb4 41. Bd5 f5 42. g3 Rb1 43. Rxb1 Bxb1 44. Bc4 Bc2 45. Kf1 Bd1 46. Ke1 Bf3 47.
Kd2 Kg6 48. Ke3 f6 49. Kf4 Bg4 50. h4 1/2-1/2

[Event "DVM U20w 2024"]
[Site "Sebnitz GER"]
[Date "2024.12.29"]
[Round "5"]
[White "Muhina, Liana"]
[Black "Claussen, Daniela"]
[Result "1/2-1/2"]
[Termination "normal"]
[Board "4.3"]
[WhiteElo "1526"]
[BlackElo "1470"]
[WhiteTeam "SC Garching 1980 2"]
[BlackTeam "SF Essen-Werden 1924/80"]
[PlyCount "81"]
[WhiteFideId "16266145"]
[BlackFideId "16248929"]
[EventCountry "GER"]
[EventRounds "7"]
[EventType "team-swiss"]
[EventDate "2024.12.26"]

1. e4 e6 2. d4 b6 3. Nf3 Bb7 4. Nc3 Bb4 5. Bd3 Nf6 6. Qe2 Bxc3+ 7. bxc3 h6 8.
O-O O-O 9. Bd2 d6 10. e5 Ne8 11. Be4 Ba6 12. Bd3 Bxd3 13. Qxd3 Nd7 14. Qe4 d5
15. Qg4 Kh8 16. Nh4 Qe7 17. f4 Rg8 18. Rf3 Nf8 19. Rg3 c5 20. Rf1 f5 21. Ng6+
Nxg6 22. Qxg6 Nc7 23. Rb1 c4 24. Rh3 Raf8 25. g4 Qf7 26. Qxf7 Rxf7 27. g5 Kh7
28. Kh1 Rh8 29. Rg1 Kg8 30. gxh6 Rh7 31. Rg6 Kf8 32. Bc1 gxh6 33. Rhxh6 Rxh6
34. Rxh6 Kg7 35. Rh3 Nb5 36. Rg3+ Kh8 37. h4 Rg7 38. Rh3 Kh7 39. a4 Nc7 40. Kh2
Kh6 41. Rg3 1/2-1/2

[Event "DVM U20w 2024"]
[Site "Sebnitz GER"]
[Date "2024.12.29"]
[Round "5"]
[White "Hafermann, Lara"]
[Black "Mai, Mariella"]
[Result "1-0"]
[Termination "normal"]
[Board "5.1"]
[WhiteElo "1726"]
[BlackElo "1783"]
[WhiteTeam "SC Borussia Lichtenberg"]
[BlackTeam "SC Leipzig-Lindenau"]
[PlyCount "85"]
[WhiteFideId "16298306"]
[BlackFideId "16281780"]
[EventCountry "GER"]
[EventRounds "7"]
[EventType "team-swiss"]
[EventDate "2024.12.26"]

1. Nf3 Nf6 2. g3 g6 3. Bg2 Bg7 4. O-O O-O 5. d3 d6 6. e4 e5 7. c3 Re8 8. Na3 c6
9. Nc2 Nbd7 10. Nfe1 Nc5 11. f4 exf4 12. gxf4 Qb6 13. Nd4 Ne6 14. Nef3 Nh5 15.
Qb3 Qxb3 16. axb3 Nexf4 17. Rd1 Nxg2 18. Kxg2 a6 19. b4 Bd7 20. Bd2 Nf6 21. c4
Ng4 22. Ra3 Rac8 23. Rb3 c5 24. bxc5 Ba4 25. cxd6 Bxb3 26. Nxb3 Rcd8 27. c5 b6
28. h3 Ne5 29. Nxe5 Bxe5 30. d4 Bg7 31. e5 bxc5 32. Nxc5 Bxe5 33. dxe5 Rxe5 34.
Ba5 Rb8 35. b4 Rg5+ 36. Kf2 Rf5+ 37. Ke3 Re8+ 38. Kd4 Ree5 39. Kc4 Rf4+ 40. Rd4
Rxd4+ 41. Kxd4 Re1 42. d7 Rd1+ 43. Nd3 1-0

[Event "DVM U20w 2024"]
[Site "Sebnitz GER"]
[Date "2024.12.29"]
[Round "5"]
[White "Niesch, Sarah"]
[Black "Hasselmann, Isabelle Sophia"]
[Result "0-1"]
[Termination "normal"]
[Board "5.2"]
[WhiteElo "1406"]
[BlackElo "1606"]
[WhiteTeam "SC Leipzig-Lindenau"]
[BlackTeam "SC Borussia Lichtenberg"]
[PlyCount "64"]
[WhiteFideId "16211294"]
[BlackFideId "16266951"]
[EventCountry "GER"]
[EventRounds "7"]
[EventType "team-swiss"]
[EventDate "2024.12.26"]

1. d4 d5 2. Nf3 e6 3. g3 c5 4. e3 Nc6 5. Bg2 Nf6 6. Nbd2 b6 7. b3 Ba6 8. Bb2 c4
9. Ne5 Rc8 10. bxc4 Nxe5 11. dxe5 dxc4 12. c3 Nd7 13. f4 Bc5 14. Qe2 O-O 15.
Ne4 Bb7 16. Nxc5 Nxc5 17. Bxb7 Nxb7 18. Rd1 Qc7 19. h4 Qc6 20. Kf2 Nc5 21. Kg1
Ne4 22. Kh2 Rfd8 23. g4 Rd3 24. Rhg1 Rcd8 25. Rxd3 cxd3 26. Qf3 Qa4 27. Bc1
Qc2+ 28. Kh3 d2 29. Bxd2 Rxd2 30. g5 Rh2+ 31. Kg4 Nf2+ 32. Kh5 Qg6# 0-1

[Event "DVM U20w 2024"]
[Site "Sebnitz GER"]
[Date "2024.12.29"]
[Round "5"]
[White "Rotzsch, Aaliyah"]
[Black "Benary, Annika"]
[Result "0-1"]
[Termination "normal"]
[Board "5.4"]
[WhiteElo "822"]
[BlackElo "1261"]
[WhiteTeam "SC Leipzig-Lindenau"]
[BlackTeam "SC Borussia Lichtenberg"]
[PlyCount "100"]
[BlackFideId "533025550"]
[EventCountry "GER"]
[EventRounds "7"]
[EventType "team-swiss"]
[EventDate "2024.12.26"]

1. d4 Nf6 2. c4 g6 3. Nc3 Bg7 4. Nf3 O-O 5. g3 d6 6. Bg2 Nbd7 7. O-O e5 8. e4
a5 9. a4 b6 10. h3 Bb7 11. d5 Nc5 12. Be3 Ncxe4 13. Nxe4 Nxe4 14. Qc2 Nf6 15.
Rfd1 Bc8 16. b3 Ne8 17. Ra2 f5 18. Re1 f4 19. gxf4 exf4 20. Bd2 g5 21. Qe4 Qf6
22. Kf1 Bf5 23. Qd4 Qd8 24. Qxg7+ Kxg7 25. Bc3+ Kg8 26. Kg1 Rf7 27. Kh1 g4 28.
hxg4 Bxg4 29. Rg1 Bxf3 30. Bxf3+ Kf8 31. Rg4 h5 32. Rg2 Nf6 33. Rh2 Rh7 34. Re2
Kf7 35. Re1 h4 36. Rh3 Qd7 37. Kh2 Ng4+ 38. Bxg4 Qxg4 39. Rg1 Qe2 40. Rg2 Rg8
41. Bd4 Rxg2+ 42. Kxg2 Qe4+ 43. f3 Qxd4 44. Kf1 Rg7 45. Rh1 Qd1+ 46. Kf2 Qxh1
47. Ke2 Qb1 48. Kd2 Qxb3 49. c5 Rg2+ 50. Kc1 Qc2# 0-1